000 00817nam a2200253Ia 4500
003 OSt
005 20220923223145.0
006 a|||||r|||| 00| 0
007 ta
008 220922b |||||||| |||| 00| 0 hin d
024 _a211,414
037 _cTextual
040 _aARTS
_cARTS
_bhin
041 _2hin
_ahin
082 _aO152,3N368,FK, M7
100 _aश्रीवास्तव, रमा शंकर
_9160504
245 0 _aफिर भी
246 _aFir bhī
260 _aदिल्ली
_b विद्यार्थी प्रका0
_c1987
300 _a108पृ.
_ccm.
650 _aहिन्दी साहित्य
_9156264
942 _hO152,3N368,FK, M7
_cTEXL
_2CC
999 _c361689
_d361689